Clubs de Ligue 1 par Affluence moyenne à l'extérieur Saison 2024-2025 - Statistiques

Statistiques générales
  • Ce quiz a été pris 45 fois
  • Le résultat moyen est 16 sur 18
Statistiques - réponses
Affluence Club % Correct
26 649 Lille OSC
100%
28 776 Olympique de Marseille
100%
28 760 Olympique Lyonnais
100%
30 031 Paris Saint-Germain FC
100%
26 970 Stade Rennais FC
100%
28 607 RC Lens
95%
29 699 AS Monaco FC
92%
26 439 FC Nantes
92%
27 077 OGC Nice
92%
27 535 RC Strasbourg Alsace
86%
28 184 Anger SCO
84%
27 934 Stade Brestois 29
84%
27 415 Toulouse FC
84%
29 443 AS Saint-Étienne
78%
28 876 Montpellier Hérault SC
73%
26 664 Stade de Reims
73%
26 341 Le Havre AC
70%
28 247 AJ Auxerre
65%
Aucun quiz correspondant
Distribution des résultats
% des personnes avec chaque résultat
Percentile par nombre de réponses
Votre historique - résultats
Vous n’avez pas pris ce quiz